000 00444nam a2200157Ia 4500
008 210210b1995 xxu||||| |||| 00| 0 eng d
020 _a81 7296 036 0
082 _a651.3 RAOO
100 _aRAO (M E Thukaram).
245 _aOffice organisation and management.
260 _aBangalore.
_bInterline Publishing Pvt., Ltd.,
_c1995
300 _a334
650 _aOffice Organisation Management
690 _aOffice Manageme
906 _a0509
999 _c99624
_d99624